000
00277nam a22001217a 4500
008
180215b xxu||||| |||| 00| 0 eng d
041
_a
eng
080
_a
7
100
_a
42
101
_a
ART
245
_a
I WILL PAINT THE LAST DAY OF MY LIFE
_c
BURMA
942
_2
udc
_c
BK
999
_c
42712
_d
42712